[Event "Corus"]
[Site "Wijk aan Zee"]
[Date "2001.01.21"]
[Round "7"]
[White "Anand, Viswanathan"]
[Black "Morozevich, Alexander"]
[Result "1/2-1/2"]
[WhiteElo "2790"]
[BlackElo "2745"]
[Annotator "Dautov,R"]
[PlyCount "66"]
[EventDate "2001.01.13"]
[EventType "tourn"]
[EventRounds "13"]
[EventCountry "NED"]
[EventCategory "19"]
[SourceTitle "CBM 081"]
[Source "ChessBase"]
[SourceDate "2001.03.20"]
[SourceVersion "1"]
[SourceVersionDate "2001.03.20"]
[SourceQuality "1"]

1. d4 d5 2. c4 Nc6 3. Nc3 dxc4 4. Nf3 Nf6 5. e4 Bg4 6. Be3 Bxf3 {Ein seltener
Zug, Morozevich hat eine wichtige Neuerung parat.} ({Bisher spielte er mehrmals
} 6... e6 7. Bxc4 Bb4 {, wonach Weiß mittels} 8. Qc2 {mit der Idee Rd1 einen
leichten Vorteil behauptet.}) 7. gxf3 e5 (7... e6 8. Bxc4 $14) 8. d5 Nb8 $1 {
Die beste Rückzugsmöglichkeit.} ({Verdächtig sieht} 8... Ne7 {aus:} 9. Qa4+ Nd7
(9... Qd7 10. Qxc4 $14 (10. Nb5 $5)) 10. d6 $1 cxd6 11. Bxc4 d5 12. Nxd5 Nc6
13. Rg1 Rc8 14. Rd1 Qa5+ 15. Qxa5 Nxa5 16. Bf1 $16 {Ligterink,G-Halldarsson,G/
Reykjavik 1986}) 9. Bxc4 (9. f4 Bd6 (9... Nbd7 $5) 10. fxe5 Bxe5 11. Bg2 Qd6
12. Qa4+ Nbd7 13. Nb5 Qa6 $13 14. Qb4 Bd6 $6 15. Qxc4 O-O 16. Nxd6 Qxd6 17.
O-O-O $14 {Kishnev,S-Baumhus,R/Gelsenkirchen 1991}) 9... Nbd7 10. Qb3 Bc5 $1
$146 {Das ist sie, Morozevichs Verbesserung. Schwarz tauscht die
schwarzfeldrigen Läufer und läßt den Vorstoß d5-d6 zu. Wie die Partie zeigt,
ist die Blockade auf d7 kaum schlechter als die auf d6.} (10... Bd6 $6 11. Qxb7
O-O 12. Qc6 Rb8 (12... Nh5 13. O-O-O Nb6 14. Ba6 Rb8 15. h4 Nc8 16. Nb5 Qf6 17.
Qc2 Nf4 18. Kb1 $16 {Gabriel,C-Baumhus,R/Passau 1996}) 13. Nb5 Bb4+ 14. Ke2 a6
15. Qxa6 $16 {Schlager,T-Raedeker,B/Germany 1992}) 11. O-O-O ({Auf} 11. Qxb7
Rb8 12. Qc6 (12. Qa6 Rxb2) 12... Rb6 13. Qa4 Rb4 14. Qa6 Bxe3 15. fxe3 Rxb2 16.
Qxa7 O-O $44 {wollte sich Anand nicht einlassen.}) 11... Bxe3+ 12. fxe3 Rb8 $1
{Keine Opfer mehr!} 13. d6 {Ein obligatorischer Zug, Weiß kann natürlich auf
0-0 nebst Ne8-d6 nicht warten.} O-O $11 14. Nb5 $5 {Ohne diesen Versuch bliebe
die Stellung vollkommen ausgeglichen.} (14. dxc7 Qxc7 15. Nb5 Qc5 16. Kb1 (16.
Nd6 $4 b5 17. Nxb5 a6 $19) 16... Nb6 17. Be2 Nc8 $11 {/\a6}) 14... c6 15. Nc7
b5 16. Be2 (16. Bf1 $5) 16... Rb6 $1 {Originell und stark! Schwarz spielt "um
den Nc7 herum", er bereitet a7-a6 und c6-c5 vor.} 17. Rd2 a6 18. Rhd1 c5 19.
Kb1 Qb8 $1 {Die Fortsetzung der o.g. Strategie, die schwarze Dame kommt auch
über den Damenflügel ins Spiel.} 20. Qa3 $6 {Weiß verschenkt wertvolle Tempi.}
({Genauer war} 20. Bf1 $1 c4 21. Qb4) 20... Qb7 21. Bf1 c4 22. Qb4 Rc6 {
/\Qb6,><e3} 23. Nd5 Nxd5 24. Rxd5 Rfc8 {Die schwarzen Figuren werden langsam
aktiv, es droht c4-c3.} 25. Qc3 ({Im Falle von} 25. Bh3 c3 26. bxc3 Rxc3 27.
Bxd7 Qxd7 28. Rxe5 Qc6 29. Qb2 Rc2 30. Qa3 {hat Schwarz mindestens Remis:} Rc3
(30... b4 $5) 31. Qb2 Rc2 $11) 25... b4 $15 26. Qc2 b3 27. Qc3 bxa2+ 28. Ka1 $1
(28. Kxa2 Rb6 $40) 28... Rb8 29. Bh3 $1 {Anand zieht die Notbremse: nach dem
Abtausch des Nd7 darf Schwarz den Bauern d6 nicht außer Acht lassen.} h6 (29...
Rb6 30. Bxd7 Qxd7 (30... Rxb2 $2 31. Ba4 $18) 31. R1d2 $15) 30. Bxd7 Qxd7 31.
R5d2 (31. Qxe5 c3 32. bxc3 Qb7 $19) 31... Rc5 32. Rd5 Rc6 {Bei knapper Zeit
willigt Morozevich in die Zugwiederholung ein.} (32... Qa4 33. d7 Rd8 34. Rd6
$132) 33. R5d2 Rc5 1/2-1/2

[Event "Olympiad-32"]
[Site "Yerevan"]
[Date "1996.09.24"]
[Round "8.3"]
[White "Dautov, Rustem"]
[Black "Miladinovic, Igor"]
[Result "1-0"]
[WhiteElo "2615"]
[BlackElo "2535"]
[Annotator "Dautov,R"]
[PlyCount "71"]
[EventDate "1996.09.15"]
[EventType "team-swiss"]
[EventRounds "14"]
[EventCountry "ARM"]
[SourceTitle "CBM 055"]
[Source "ChessBase"]
[SourceDate "1996.12.01"]
[SourceVersion "1"]
[SourceVersionDate "1996.12.01"]
[SourceQuality "1"]
[WhiteTeam "Germany"]
[BlackTeam "Greece"]
[WhiteTeamCountry "GER"]
[BlackTeamCountry "GRE"]

1. d4 d5 2. c4 Nc6 3. cxd5 Qxd5 4. e3 e5 5. Nc3 Bb4 6. Bd2 Bxc3 7. bxc3 Nf6 8.
f3 O-O (8... Qd6 9. Bd3 O-O 10. Ne2 $14) 9. e4 {N} (9. Ne2 Qd6 (9... exd4 $1
10. cxd4 Re8 {/\} 11. e4 $2 Nxe4 12. fxe4 Qxe4 $40) 10. Ng3 exd4 11. cxd4 Re8
12. Be2 Nd5 13. Qc1 f5 14. O-O f4 15. Ne4 Qd8 16. Bc4 fxe3 17. Bxe3 Be6 18. Bf2
$14 {Ehlvest-Watson/New York op/1996}) 9... Qd6 (9... Nxe4 $2 10. fxe4 Qxe4+
11. Qe2 Qd5 12. Qf3 $16) 10. d5 (10. Be3 $142 $1) 10... Ne7 11. c4 Nd7 12. Ne2
b6 (12... Nc5 $5 13. Nc3 f5 14. Be3 (14. Nb5 Qb6 $13) 14... fxe4 15. Nxe4 Nxe4
16. fxe4 Qg6 17. Qc2 $14) 13. Nc3 a6 14. Be2 (14. Bd3 Nc5 15. Bc2 f5 16. exf5
Bxf5 17. Bxf5 Nxf5 18. O-O Qg6 $10 {James,Dav-Miladinovic,I/Erevan olm/1996})
14... Nc5 15. O-O f5 16. Be3 $14 Bd7 (16... fxe4 $6 17. Nxe4 Nxe4 18. fxe4
Rxf1+ 19. Bxf1 Qg6 20. Qc2 $16) (16... Ng6 $5) 17. a4 Ng6 (17... a5 18. Qc2 {
/\Nb5} f4 19. Bf2 Qg6 20. Kh1 $16) 18. a5 (18. Re1 $5 Nf4 19. Bf1 fxe4 20. Nxe4
Nxe4 21. fxe4 $14) 18... Nf4 19. axb6 cxb6 20. Rb1 $1 {><b6} (20. Kh1 fxe4 21.
Bxc5 Qxc5 22. Nxe4 Qd4 $2 23. Qb3 $1 b5 24. Rfd1 Qa7 25. Bf1 $16) 20... Rae8 $1
(20... fxe4 21. Nxe4 $1 (21. fxe4 Rf6 $132) 21... Nxe4 22. fxe4 (22. Rxb6 $4
Qa3 $19) 22... Nxg2 (22... Qg6 23. Bxf4 Rxf4 24. Rxf4 exf4 25. e5 Bh3 26. Bf3
Bxg2 27. Bxg2 f3 28. Rb2 fxg2 29. d6 $16) (22... Nxe2+ 23. Qxe2 Rxf1+ 24. Qxf1
$16) 23. Rxf8+ Rxf8 24. Rxb6 Qa3 (24... Nxe3 25. Rxd6 Nxd1 26. Rxd7 $16) 25.
Qb3 Qxb3 26. Rxb3 Nxe3 27. Rxe3 Rc8 28. Ra3 $16) (20... Rab8 21. Kh1 $14 {/\}
Qg6 $2 22. Bxf4 exf4 23. e5 $16) 21. Kh1 (21. Rf2 $5 Qg6 22. Bxc5 bxc5 23. Kh1
fxe4 24. fxe4 $14) 21... Rf6 $2 (21... Qg6 $1 22. Rg1 $1 (22. Bxf4 $2 exf4 23.
Qd4 Qf6 $1 24. e5 (24. Qxf6 Rxf6 $17) 24... Qxe5 25. Qxe5 Rxe5 26. Rxb6 Rfe8
27. Bd1 Re3 28. Nb1 Rd3 29. Bc2 Rd4 $17) (22. Rf2 $2 fxe4 23. Nxe4 (23. Bxc5
exf3 $17) 23... Nxe4 24. fxe4 Qxe4 25. Bxb6 Nxe2 26. Rxe2 Qxc4 $17) 22... fxe4
(22... Nh5 23. Re1 $14) 23. Bxc5 bxc5 (23... exf3 $4 24. gxf3 $18) 24. Nxe4 (
24. fxe4 $14) 24... Bf5 25. Bd3 Nxd3 26. Qxd3 Bxe4 27. fxe4 Rf4 28. Rbe1 $14)
22. Rf2 $16 Qf8 (22... Nxe2 23. Rxe2 f4 24. Bf2 $16 {/\Reb2}) (22... Nh5 $142 {
/\f4} 23. exf5 Bxf5 24. Ra1 Nf4 25. Bf1 $16) 23. Bf1 Nh5 24. Rfb2 f4 25. Bf2
Rb8 26. Be2 (26. d6 $6 Rxd6 27. Nd5 Na4 $132) (26. Qe1 $1 Rh6 27. Kg1 Kh8 28.
Bxc5 Qxc5+ 29. Qf2 Qa5 30. Na2 $16 {/\c5}) 26... Rh6 27. Kg1 Rg6 28. Qd2 Kh8 $2
$138 (28... Qd6 29. Bf1 $16 {/\Bc5}) 29. d6 $1 $18 Rxd6 30. Bxc5 Rxd2 31. Bxf8
Rxb2 32. Rxb2 Rxf8 33. Rxb6 a5 (33... Ra8 34. c5 a5 35. c6 Bc8 36. c7 $18) 34.
c5 Nf6 35. c6 Bc8 36. Rb8 (36. Rb8 Re8 37. c7 Kg8 38. Bc4+ Kf8 39. Bb5 Nd7 40.
Nd5 $18) 1-0

[Event "Minneapolis HB Global op"]
[Site "Minneapolis"]
[Date "2005.05.19"]
[Round "3"]
[White "Milov, Vadim"]
[Black "De Firmian, Nick E"]
[Result "1/2-1/2"]
[WhiteElo "2653"]
[BlackElo "2549"]
[Annotator "Dautov,R"]
[PlyCount "87"]
[EventDate "2005.05.18"]
[EventType "swiss"]
[EventRounds "9"]
[EventCountry "USA"]
[SourceTitle "CBM 107"]
[Source "ChessBase"]
[SourceDate "2005.08.01"]
[SourceVersion "1"]
[SourceVersionDate "2005.08.01"]
[SourceQuality "1"]

{[%mdl 32768]} 1. d4 d5 2. c4 Nc6 3. Nf3 Bg4 4. Nc3 Bxf3 5. exf3 e6 6. Be3 ({
Chancenreicher ist} 6. cxd5 $1 exd5 7. Bb5 Bb4 8. Qa4 Qd7 9. O-O Nge7 10. Re1
$1 (10. Bg5 f6 11. Bd2 Bd6 12. Rfe1 O-O 13. Bd3 a6 14. Ne2 Ne5 $6 15. Qxd7 Nxd7
16. Bf4 $1 $14 {Gurevich,M-Miles,A/Groningen 1992}) 10... O-O-O 11. Bd2 Kb8 12.
Rac1 Rhe8 13. a3 Bd6 14. Qd1 a6 15. Ba4 Nc8 16. Rxe8 Rxe8 17. Nxd5 Bxh2+ 18.
Kxh2 Qxd5 19. Bf4 Rd8 20. Bxc6 bxc6 21. Qa4 $16 {Antic,D-Istratescu,A/Patras
2002}) 6... Nf6 {Flexibler und besser ist die Springerentwicklung 6...Nge7, um
später den Ausfall Ne7-f5 zur Verfügung zu haben.} (6... Nge7 $1 7. Be2 (7. Qb3
Rb8 $13) 7... g6 $5) 7. Rc1 a6 8. a3 Be7 9. Be2 O-O 10. O-O Qd7 (10... dxc4 11.
Bxc4 $14) 11. c5 Rfe8 (11... e5 12. dxe5 Nxe5 13. Bd4 $1 Nc6 14. Bxf6 Bxf6 15.
Nxd5 Bd4 16. Bc4 $16) 12. b4 Bf8 13. f4 $14 {Weiß steht dank seines
Raumvorteiles besser, aber die schwarze Stellung ist frei von Schwächen und
solide.} g6 14. Bd3 Bg7 15. Qf3 (15. g4 $5 h5 16. h3 hxg4 17. hxg4 Nh7 18. Ne2
f5 19. g5 $14) 15... h5 16. h3 Nh7 17. Ne2 f5 $1 {[%mdl 32] Schließung der
Stellung ist die typische Strategie im Spiel gegen das Läuferpaar.} 18. Qg3 (
18. g4 hxg4 19. hxg4 Nf6 20. g5 Ng4 $11) 18... Kf7 19. Rfd1 Nf6 20. f3 Rh8 $1 {
Mit der Drohung 21...h4 erzwingt De Firmian die weitere Fixierung der Stellung.
} 21. h4 Rhb8 22. Kh2 Ng8 23. Qf2 Nge7 24. Ng1 b5 $1 25. cxb6 $1 {Sonst bleibt
die Stellung vollkommen dicht.} cxb6 26. Nh3 a5 $1 {Schwarz setzt seine
Fixierungsstrategie erfolgreich fort.} 27. b5 Nd8 28. Qe1 Rc8 29. Bf1 $1 {
Mit der Idee der Springerüberführung nach e5.} Rxc1 30. Rxc1 Rc8 31. Nf2 Rxc1
32. Qxc1 Qc8 33. Qd2 Nb7 34. Nd3 Nd6 35. Ne5+ Ke8 36. Bf2 {Weiß steht optisch
gut, aber sein Läuferpaar findet nach wie vor keine Anwendung.} Nc4 $1 37. Nxc4
$2 {Ein riskanter Gewinnversuch.} (37. Qd3 Nb2 38. Qb3 $2 Qc1 {würde zur
Aktivierung der schwarzen Dame führen.}) (37. Qc3 Nxe5 38. Qxc8+ Nxc8 39. fxe5
Bh6 $11) 37... dxc4 38. Qa2 c3 39. Bc4 c2 $6 {Schwarz denkt nur an Remis, er
könnte jedoch bereits auf Gewinn spielen.} (39... Qc7 $1 40. g3 (40. Be3 Bxd4
$1) 40... Qd6 $17) 40. Qxc2 Nd5 $11 41. g3 Qc7 42. a4 Kd7 43. Qe2 Qd6 44. Qd3
1/2-1/2

[Event "North Sea Cup 17th"]
[Site "Esbjerg"]
[Date "2002.07.08"]
[Round "4"]
[White "Hansen, Curt"]
[Black "Hansen, Sune Berg"]
[Result "0-1"]
[WhiteElo "2625"]
[BlackElo "2545"]
[Annotator "Dautov,R"]
[PlyCount "72"]
[EventDate "2002.07.05"]
[EventType "tourn"]
[EventRounds "9"]
[EventCountry "DEN"]
[EventCategory "14"]
[SourceTitle "CBM 091"]
[Source "ChessBase"]
[SourceDate "2002.11.12"]
[SourceVersion "1"]
[SourceVersionDate "2002.11.12"]
[SourceQuality "1"]

{[%mdl 32768]} 1. d4 d5 2. c4 Nc6 3. Nc3 dxc4 4. Nf3 Nf6 5. Bg5 {Eine scharfe
Gangart gegen Tschigorin. Weiß ist in vielen Varianten bereit, einen Bauern
für die Initiative zu geben.} a6 6. e4 $6 $146 ({Bisher gab Weiß 6.d5 den
Vorzug. Die entstehenden Stellungen sind scharf und unklar, Weiß hat im jeden
Fall viel Spiel für den geopferten Bauern.} 6. d5 Na5 (6... Na7 7. e4 Nb5 8.
Qc2 Nxc3 9. bxc3 b5 10. a4 Bb7 11. Nd4 $44) 7. e4 (7. Qa4+ c6 8. b4 cxb3 9.
axb3 e6 $1 $13) 7... h6 (7... c6 8. dxc6 Qxd1+ 9. Rxd1 bxc6 10. Bf4 Bg4 11. Bc7
Nb7 12. Bxc4 Nd6 13. Bb3 Bxf3 14. gxf3 Nb5 15. Nxb5 axb5 16. Ke2 $14 {
Hawksworth,J-Yeo,M/Southampton 1986}) (7... e6 $2 8. e5 h6 9. Bh4 g5 10. Nxg5
$16) 8. Bf4 (8. Bh4 $5) 8... b5 9. e5 Nh5 10. Be3 g6 11. e6 Bg7 12. g4 Nf6 13.
exf7+ Kxf7 14. Ne5+ Kg8 15. Bg2 $44 {Khenkin,I-Ferron Garcia,C/Alcobendas 1994}
) 6... h6 ({Beim unterlassenen 6.d5 sah die Fortsetzung 6...Bg4 logisch aus:} 
6... Bg4 $5 7. d5 Ne5 8. Be2 Bxf3 9. gxf3 h6 10. Be3 e6 $132) (6... b5 7. d5
$44) 7. Bxf6 exf6 8. Bxc4 Bd6 (8... Bg4 $2 9. Qb3 $16) 9. h3 O-O 10. a3 (10.
O-O $142 $11 {/\Re1}) 10... Rb8 {[%mdl 32] Schwarz, der mit seinem starken Bd6
gut steht, beginnt nun mit einem aktiven Plan - er öffnet die b-Linie und
sichert einen Vorposten auf b4 für seine Figuren.} 11. O-O b5 12. Bb3 b4 $1 13.
axb4 Nxb4 14. Re1 c5 $1 {Zerstört das bereits schwächelnde weiße Bauernzentrum.
} 15. e5 fxe5 16. dxe5 Be7 {/\Nd3} 17. Ne4 $2 {Weiß überschätzt seine Stellung.
Es war höchste Zeit, mit 17.Bc4 Vorsicht walten zu lassen.} (17. e6 $6 Bxe6 18.
Bxe6 fxe6 19. Rxe6 Qxd1+ 20. Rxd1 Bf6 $15) (17. Bc4 $1 Bf5 18. Qe2 Bd3 19. Bxd3
Qxd3 $11) 17... Nd3 18. Re3 Nxb2 19. Qc2 c4 20. Bxc4 Nxc4 21. Qxc4 Rb4 22. Qc2
Qb6 $17 {Mit seinem Läuferpaar und starkem Freibauern a6 ist der Schwarze
eindeutig im Vorteil.} 23. Rd1 Be6 24. Nd6 Rd8 25. Qd3 Bxd6 26. exd6 a5 27.
Rxe6 $2 {Ein inkorrektes, aber chancenreiches Qualitätsopfer, offensichtlich
in gegenseitiger Zeitnot gespielt.} (27. Ne5 $1 a4 28. d7 $132 f6 $2 29. Qg6 $1
fxe5 30. Rg3 Bg4 $11) 27... fxe6 $19 28. Ne5 Rb2 $2 (28... Qb5 $1 $19) 29. Ng4
$2 (29. Qf3 $1) 29... Qb3 $6 30. Nxh6+ Kf8 31. Qd4 e5 32. Qg4 $2 (32. Qa7 $3
Qxd1+ 33. Kh2 gxh6 34. Qe7+ Kg8 35. Qxd8+ $11) 32... gxh6 $19 33. Rc1 Qf7 34.
Qh4 Rxd6 35. Rc8+ Kg7 36. Qg3+ Kh7 0-1

[Event "Montreal 2nd"]
[Site "Montreal"]
[Date "2001.08.07"]
[Round "6"]
[White "Lesiege, Alexandre"]
[Black "Charbonneau, Pascal"]
[Result "1-0"]
[WhiteElo "2564"]
[BlackElo "2405"]
[Annotator "Dautov,R"]
[PlyCount "45"]
[EventDate "2001.08.02"]
[EventType "tourn"]
[EventRounds "11"]
[EventCountry "CAN"]
[EventCategory "9"]
[SourceTitle "CBM 085"]
[Source "ChessBase"]
[SourceDate "2001.11.13"]
[SourceVersion "1"]
[SourceVersionDate "2001.11.13"]
[SourceQuality "1"]

{[%mdl 32768]} 1. d4 d5 2. c4 Nc6 3. Nf3 Bg4 4. cxd5 Bxf3 5. gxf3 Qxd5 6. e3 e5
7. Nc3 Bb4 8. Bd2 Bxc3 9. bxc3 Nf6 $6 {Diese "natürliche" Entwicklung des
Springers schlägt in der Tschigorin-Verteidigung nicht selten fehl. Der Nf6
steht dem weißen Bauernzentrum zu nahe und wird häufig von dem weißen e-Bauern
bedroht.} ({Flexibler ist} 9... Qd6 {, z.B} 10. Bg2 Nge7 11. Rb1 b6 12. O-O O-O
13. f4 exf4 14. e4 Rad8 15. e5 Qg6 16. Bxf4 Nd5 17. Qd2 Nxf4 18. Qxf4 Ne7 19.
Qg3 Qe6 20. Rb2 c5 $132 {Ftacnik,L-Kaminski,M/Polanica Zdroj 1995}) 10. Bg2 ({
Unklar sind die Konsequenzen von} 10. c4 Qd6 11. d5 Ne7 {, Schwarz kann seine
Springer gut für Blockade einsetzen:} 12. Rb1 b6 13. Bh3 c6 14. Bb4 c5 15. Bc3
O-O 16. Rg1 Ng6 17. Qc2 Rfe8 18. Rg3 Nh4 $132 {Shalimov,V-Sepman,Y/St
Petersburg 1999}) (10. Be2) 10... O-O 11. O-O Qd6 $6 {Schwarz vernachlässigt
die Hauptdrohung des Gegners. Es ist jedoch nicht leicht, etwas Besseres
vorzuschlagen.} (11... Na5 12. e4 Qe6 13. f4 $36) (11... Qe6 12. Qb3 $14) (
11... Rfe8 12. Rb1 (12. f4 $6 e4 {/\Na5-c4}) (12. e4 Qd7 $13) 12... b6 (12...
b5 $5) 13. Qa4 $14) 12. Rb1 b6 13. f4 $1 e4 (13... exf4 14. e4 {Hier sieht man,
wie ungünstig die Springerposition auf f6 ist.} Nd7 15. e5 Qg6 16. Bxf4 $16) (
13... exd4 14. cxd4 $16) 14. c4 {Schwarz steht sehr gefährdet: er ist zu
Passivität verurteilt, während Weiß in aller Ruhe ein Druckspiel in der
g-Linie aufbauen kann.} Rfe8 15. Kh1 Ne7 16. Rg1 Rad8 17. Bh3 Ng6 18. Bc3 $16
Nh4 19. Rg3 Nf3 {Dieses Eindringen hat einen rein diffensiven Charakter,
Schwarz versucht lediglich die Verdopplung der weißen Türme zu verhindern.} 20.
Qe2 Nh5 21. Rg2 Qh6 $2 {Verliert einen Bauern.} ({Notwendig war} 21... Nf6 {
, obwohl Schwarz auch dann nicht zu beneiden war.} 22. Qb2 $16 {/\d5} (22. d5
$5 $16)) 22. Bg4 Qg6 $2 (22... Nf6 23. Bxf3 exf3 24. Qxf3 Ne4 25. Rc1 $16) 23.
f5 {Und Schwarz hatte genug von der Partie.} (23. f5 Qh6 24. Bxf3 exf3 25. Qxf3
$18) 1-0

[Event "ESP-chT CECLUB Honor"]
[Site "Linares"]
[Date "2013.09.11"]
[Round "4.3"]
[White "Edouard, Romain"]
[Black "Delchev, Aleksander"]
[Result "0-1"]
[WhiteElo "2665"]
[BlackElo "2637"]
[Annotator "Edouard,R"]
[PlyCount "58"]
[EventDate "2013.09.08"]
[EventType "team-tourn"]
[EventRounds "7"]
[EventCountry "ESP"]
[SourceTitle "CBM 157"]
[Source "ChessBase"]
[SourceDate "2013.11.12"]
[SourceVersion "1"]
[SourceVersionDate "2013.11.12"]
[SourceQuality "1"]
[WhiteTeam "Sestao"]
[BlackTeam "Solvay"]
[WhiteTeamCountry "ESP"]
[BlackTeamCountry "ESP"]

1. d4 d5 2. Nf3 Nf6 3. c4 dxc4 4. e3 Bg4 5. Bxc4 e6 6. Nc3 Nc6 {A rare move.
Delchev has had problems lately playing his usual 6...Nbd7. Instead of
stopping the 4...Bg4 line as I thought, he decided to try to rehabilitate it!}
7. Bb5 ({The logical moves} 7. h3 Bh5 8. Bb5 Bd6 9. e4 Nd7 10. Be3 O-O 11. O-O
{would simply give White a pleasant and better position.}) 7... Bd6 8. Qa4 $6 {
Too greedy. I totally underestimated the pawn sacrifice over the board,
actually missing the idea ...Rb8 and ...Nd5 that came later.} (8. e4 Nd7 9. Be3
e5 $1 10. d5 Bxf3 {is no longer so easy for White.}) ({It was still time for} 
8. h3 $5) 8... Bxf3 9. gxf3 O-O 10. Bxc6 bxc6 11. Qxc6 Rb8 $1 $146 {Black is
already all right.} (11... e5 12. dxe5 Bxe5 13. Bd2 {followed by 0-0-0 seemed
to me like better for White, though not that clear.}) 12. f4 {Threatening Qf3
after what I would not have more problems for castling.} Nd5 $8 13. Qc4 $6 {
Again too optimistic.} (13. Nxd5 {was the logical move, while after (for
example)} exd5 14. O-O Be7 15. Kh1 Rb6 16. Qc2 Qd7 17. Rg1 Qh3 {Black has
sufficient compensation but not really threatening to win either (not like in
the game!).}) 13... Qd7 (13... Nxc3 $5 14. bxc3 Qh4 {was excellent for Black.})
14. a3 $5 Rfc8 15. Qd3 (15. Rg1 Nxc3 16. Qxc3 g6 $132) 15... Rb3 (15... Nxc3
16. bxc3 c5 {was also very good for Black.}) 16. Qc2 $6 (16. Qc4 {was
objectively best.}) 16... Rcb8 17. Ne4 Qa4 (17... f5 18. Nd2 Nxe3 $5 {made
sense, but it is unclear, for example:} 19. fxe3 Rxe3+ 20. Kf2 Bxf4 21. Qc4 Rb6
$1 22. Nf3 Rc6 23. Qxc6 Qxc6 24. Bxe3 Qc2+ 25. Nd2 Bxe3+ 26. Kxe3 f4+ 27. Ke2
Qxb2 {and Black has a lot of pawns but it should be a draw.}) 18. O-O Nxf4 19.
Nc3 $2 {I calculated the lines just below and thought this move is more
interesting. But it was just much worse than the natural 19.Nd2.} (19. Nd2 Ne2+
(19... Nh3+ $6 20. Kg2 Nf4+ 21. Kh1 $1 $14) 20. Kg2 Qb5 21. Nxb3 Qg5+ 22. Kh1
Qh5 23. f4 Ng3+ 24. Kg2 Nxf1 25. Kxf1 Qb5+ $15) 19... Nh3+ 20. Kg2 Qc4 $6 (
20... Qc6+ 21. f3 R3b5 $1 {was just killing.}) 21. f4 $2 {Played too fast. I
simply did not believe in my opponent's next move, which is actually just
winning.} (21. Qd1 {was necessary:} Ng5 22. h4 Qc6+ 23. f3 Rxb2+ 24. Bxb2 Rxb2+
25. Rf2 Qxc3 26. Qc1 $8 {(the defence I had missed, but anyway...)} Rxf2+ 27.
Kxf2 Nh3+ $1 28. Kg2 Nf4+ 29. exf4 Qxd4 $15) 21... g5 $1 22. Qd1 (22. fxg5 R8b5
$19) (22. Rf3 g4 $19) 22... Rxb2+ 23. Bxb2 Rxb2+ 24. Kxh3 Qxc3 25. Qg4 (25. Qh5
h6 $19 (25... Qxe3+ 26. Rf3 Bxf4 $19)) 25... Qxe3+ $1 {Oops! I missed this
nice trick, but anyway the simple ...h6 was also winning.} (25... h6 $19) 26.
Qg3 Bxf4 27. Qxe3 Rxh2+ 28. Kg4 h5+ 29. Kf3 Rh3+ {Here comes a funny story: I
thought I was lost, playing with an exchange against three pawns, but wanted
to play a few more moves, until I realised there are actually four pawns. It
is not always easy to count them all when they fall one by one!} 0-1